<?xml version="1.0" encoding="UTF-8"?>
<record
    xmlns:xsi="http://www.w3.org/2001/XMLSchema-instance"
    xsi:schemaLocation="http://www.loc.gov/MARC21/slim http://www.loc.gov/standards/marcxml/schema/MARC21slim.xsd"
    xmlns="http://www.loc.gov/MARC21/slim">

  <leader>01026nam a22002177a 4500</leader>
  <controlfield tag="003">CUTN</controlfield>
  <controlfield tag="005">20230612170749.0</controlfield>
  <controlfield tag="008">230612b        |||||||| |||| 00| 0 eng d</controlfield>
  <datafield tag="020" ind1=" " ind2=" ">
    <subfield code="a">9781071862810</subfield>
  </datafield>
  <datafield tag="041" ind1=" " ind2=" ">
    <subfield code="a">English</subfield>
  </datafield>
  <datafield tag="082" ind1=" " ind2=" ">
    <subfield code="2">23</subfield>
    <subfield code="a">371.148 </subfield>
    <subfield code="b">HEW </subfield>
  </datafield>
  <datafield tag="100" ind1=" " ind2=" ">
    <subfield code="a">Hewson, Kurtis</subfield>
  </datafield>
  <datafield tag="245" ind1=" " ind2=" ">
    <subfield code="a">Collaborative Response : </subfield>
    <subfield code="b">Three foundational components that transform how we respond to the needs of learners / </subfield>
    <subfield code="c">Kurtis Hewson </subfield>
  </datafield>
  <datafield tag="260" ind1=" " ind2=" ">
    <subfield code="a">California : </subfield>
    <subfield code="b">Sage, </subfield>
    <subfield code="c">2020. </subfield>
  </datafield>
  <datafield tag="300" ind1=" " ind2=" ">
    <subfield code="a">xxiii, 225 p. </subfield>
  </datafield>
  <datafield tag="505" ind1=" " ind2=" ">
    <subfield code="a">Chapter 1 - Examining a Culture of Response    
Chapter 2 - Envisioning Collaborative Response    
Chapter 3 - Collaborative Structures    
Chapter 4 - Collaborative Processes    
Chapter 5 - Collaborative Team Meetings    
Chapter 6 - Data and Evidence    
Chapter 7 - Continuum of Supports    
Chapter 8 - Putting the Pieces Together  
References and Resources</subfield>
  </datafield>
  <datafield tag="650" ind1=" " ind2=" ">
    <subfield code="a">Teaching teams</subfield>
  </datafield>
  <datafield tag="650" ind1=" " ind2=" ">
    <subfield code="a">Teachers--Professional relationships</subfield>
  </datafield>
  <datafield tag="700" ind1=" " ind2=" ">
    <subfield code="a">Hewson, Lorna</subfield>
  </datafield>
  <datafield tag="942" ind1=" " ind2=" ">
    <subfield code="2">ddc</subfield>
    <subfield code="c">BOOKS</subfield>
  </datafield>
  <datafield tag="999" ind1=" " ind2=" ">
    <subfield code="c">38968</subfield>
    <subfield code="d">38968</subfield>
  </datafield>
  <datafield tag="952" ind1=" " ind2=" ">
    <subfield code="0">0</subfield>
    <subfield code="1">0</subfield>
    <subfield code="2">ddc</subfield>
    <subfield code="4">0</subfield>
    <subfield code="7">0</subfield>
    <subfield code="a">CUTN</subfield>
    <subfield code="b">CUTN</subfield>
    <subfield code="c">GEN</subfield>
    <subfield code="d">2023-06-12</subfield>
    <subfield code="l">0</subfield>
    <subfield code="o">371.148  HEW </subfield>
    <subfield code="p">46440</subfield>
    <subfield code="r">2023-06-12 00:00:00</subfield>
    <subfield code="w">2023-06-12</subfield>
    <subfield code="y">BOOKS</subfield>
  </datafield>
</record>
